000 00950nam a22003137a 4500
001 BR0404382
003 BR-BrBNA
005 20230928101720.0
007 ta
008 230509b bl.||||| |||| 00| 0 por d
040 _aBR-BrBNA
_bpor
_cBiblioteca Nacional de Agricultura
041 _a(Por)
072 _aF01
_b1910
_b5213
090 _ 1910 BR0404382
110 1 _aAGROCERES S.A. Importação, Exportação, Indústria e Comércio, São Paulo, SP (Brasil)
_961
245 1 _aPastagem a base da pecuária; os principais aspectos técnicos e econômicos da escolha e manejo de pastagens
260 3 _aSão Paulo, SP (Brasil):
_c[nd].
300 _a53 p.
500 _a7 tables
650 _aPASTAGEM
650 _aGADO DE CORTE
650 _aPRÁTICA CULTURAL
650 _aADUBAÇÃO
650 _aCALAGEM
650 _aMANEJO DO SOLO
650 _aECONOMIA DA PRODUÇÃO
909 _a202309
_bLucia
_c55
_dLucia Elande
942 _cBK
999 _c67221
_d67221